00516nam a2200169Ia 4500008004100000020001500041041000800056082001600064100002800080245001900108250000600127260004100133300001400174650000900188999001900197952013000216210716s2007 xx 000 0 und d a8126504978 aeng a004.6X HARE aHarold, Elliotte Rusty. aXml 1.1 bible. a3 aNew DelhibWiley India Pvt Ltdc2007 axxiv,1022 aNone c188538d188538 001040708MCAaAIMITbAIMITeKnowledge Worldg529.00l0o004.6X HAREpMCA08046r2025-07-21 00:00:00v423.20w2021-07-16yBK